| 000 | 00870nam a22002177a 4500 | ||
|---|---|---|---|
| 999 |
_c17430 _d17430 |
||
| 003 | AR-CdUCM | ||
| 008 | 190306b ||||| |||| 00| 0 spa d | ||
| 040 |
_aMUNICIPALIDAD PROVINCIAL DEL CUSCO _cBIBLIOTECA MUNICIPAL DEL CUSCO |
||
| 082 |
_a803.08 / _bB46 |
||
| 110 |
_aDigest, Readers _910608 |
||
| 245 |
_aBiblioteca de selecciones : _bLibros escogidos y condensados bajo la dirección de selecciones del Reader's Digest / |
||
| 260 |
_aMéxico : _bEditora san Mateo Tecoloapan, _c1968. |
||
| 300 |
_a526 páginas / _c20 cm. |
||
| 440 |
_aLas obras contemporáneos de mayor éxito _937445 |
||
| 505 | _aContenido : La incógnita del "Star-raker" -- En busca del ídolo -- La clave rota ... | ||
| 650 |
_aHistorias contemporáneas _911136 |
||
| 650 |
_aLiteratura francesa _9913 |
||
| 650 |
_aHistorietas _910786 |
||
| 942 |
_2ddc _cLIBROS |
||
| 945 |
_arah _d08/05/2019 |
||